Fundamentals of communication systems

This text introduces the basic techniques used in modern communication systems and provides fundamental tools and methodologies used in the analysis and design of these systems. The authors emphasize digital communication systems, including new generations of wireless communication systems, satellit...

Full beskrivning

Sparad:
Bibliografiska uppgifter
Huvudupphovsman: Proakis, John G.
Materialtyp: Bok
Språk:Undetermined
Publicerad: Boston Pearson 2014
Ämnen:
Taggar: Lägg till en tagg
Inga taggar, Lägg till första taggen!
Thư viện lưu trữ: Trung tâm Học liệu Trường Đại học Cần Thơ
LEADER 01059nam a2200205Ia 4500
001 CTU_232022
008 210402s9999 xx 000 0 und d
020 |c 713000 
082 |a 621.382 
082 |b P962 
100 |a Proakis, John G. 
245 0 |a Fundamentals of communication systems 
245 0 |c John G. Proakis, Masoud Salehi 
260 |a Boston 
260 |b Pearson 
260 |c 2014 
520 |a This text introduces the basic techniques used in modern communication systems and provides fundamental tools and methodologies used in the analysis and design of these systems. The authors emphasize digital communication systems, including new generations of wireless communication systems, satellite communications, and data transmission networks. A background in calculus, linear algebra, basic electronic circuits, linear system theory, and probability and random variables is assumed. 
650 |a Hệ thống viễn thông,Telecommunication systems 
910 |b nthai 
980 |a Trung tâm Học liệu Trường Đại học Cần Thơ